Normal view
MARC view
Entry Personal Name
001 - CONTROL NUMBER
- control field: 36194
003 - CONTROL NUMBER IDENTIFIER
- control field: ARRUPE
005 - DATE AND TIME OF LATEST TRANSACTION
- control field: 20170926112541.0
008 - FIXED-LENGTH DATA ELEMENTS
- fixed length control field: 170926|| aca||aabn | a|a d
040 ## - CATALOGING SOURCE
- Original cataloging agency: ARRUPE
- Transcribing agency: ARRUPE
100 ## - HEADING--PERSONAL NAME
- Personal name: Nielsen, Finn Sivert.
670 ## - SOURCE DATA FOUND
- Source citation: Work cat.: (ARRUPE)4537: Eriksen, Thomas Hylland. 6622, A history of anthropology /, c2001.